| 000 | 02079cam a2200277 4500500 | ||
|---|---|---|---|
| 005 | 20260208005006.0 | ||
| 041 | _afre | ||
| 042 | _adc | ||
| 100 | 1 | 0 |
_aCoste, Françoise _eauthor |
| 245 | 0 | 0 | _aDes alliés inattendus pour les femmes américaines : les hommes républicains pro-choice |
| 260 | _c2007. | ||
| 500 | _a65 | ||
| 520 | _aAlthough the Republican Party officially calls for the criminalization of abortion in the US, this article shows that a certain number of its members, the most prominent of whom are men, do support a woman’s right to choose. Admittedly, they constitute a minority in the party, few are elected officials and, with occasional exceptions in states like New York, they rarely manage to pass substantial legislation in protection of abortion rights. But despite such weaknesses, pro-choice Republicans proudly consider themselves authentic conservatives, who are upholding the principle of small government, i.e. getting government out of Americans’ pocketbooks and bedrooms. Their pro-choice commitment often hinders their career advancement within a party heavily dominated by pro-lifers, and personal hostility coming from the ranks of the Christian right can sometimes get dangerously out of hand. Yet, pro-choice Republicans persist in their campaign on behalf of American women, fully aware that their electoral strongholds in the North-East and in California make up the only Republican presence left in the Blue States largely dominated by the Democratic Party in national elections. | ||
| 690 | _aavortement | ||
| 690 | _adroite chrétienne | ||
| 690 | _aÉtats bleus | ||
| 690 | _aidéologie conservatrice | ||
| 690 | _aParti républicain | ||
| 690 | _aabortion | ||
| 690 | _ablue states | ||
| 690 | _aChristian right | ||
| 690 | _aconservative ideology | ||
| 690 | _aRepublican Party | ||
| 786 | 0 | _nRevue française d’études américaines | 114 | 4 | 2007-12-17 | p. 41-61 | 0397-7870 | |
| 856 | 4 | 1 | _uhttps://shs.cairn.info/revue-francaise-d-etudes-americaines-2007-4-page-41?lang=fr&redirect-ssocas=7080 |
| 999 |
_c1650080 _d1650080 |
||